[Event "VI Open A"]
[Site "Viterbo ITA"]
[Date "2009.06.01"]
[Round "5"]
[White "Porcacchia, Giovanni"]
[Black "Buratti, Marco"]
[Result "1/2-1/2"]
[WhiteElo "1599"]
[BlackElo "2037"]
[PlyCount "57"]
[EventDate "2009.05.30"]

1. c4 e5 2. Nc3 Nc6 3. Nf3 g6 4. g3 Bg7 5. Bg2 d6 6. O-O Nge7 7. d3 O-O 8. Bg5
f6 9. Be3 Be6 10. a3 Qe8 11. Qc2 g5 12. b4 Qg6 13. Rac1 Nd8 14. Ne1 c6 15. b5
h5 16. bxc6 bxc6 17. Nb5 Nf5 18. Nc7 Rc8 19. Nxe6 Nxe6 20. Rb1 Rf7 21. Qa4 h4
22. Bxc6 hxg3 23. hxg3 Rxc6 24. Qxc6 Ned4 25. Bxd4 Nxd4 26. Rb8+ Bf8 27. Qd5
Nxe2+ 28. Kg2 f5 29. Rh1 1/2-1/2

[Event "VI Open A"]
[Site "Viterbo ITA"]
[Date "2009.06.01"]
[Round "5"]
[White "Proietti, Tosca"]
[Black "Almadori, Giovanni"]
[Result "1-0"]
[WhiteElo "1878"]
[BlackElo "1401"]
[PlyCount "67"]
[EventDate "2009.05.30"]

1. e4 e6 2. Nf3 d5 3. e5 c5 4. b4 b6 5. a3 Ba6 6. b5 Bb7 7. d4 cxd4 8. Qxd4 Qc7
9. Bd3 Nd7 10. O-O Rc8 11. a4 h6 12. Bb2 Bc5 13. Qg4 Bf8 14. Nbd2 Nc5 15. Ba3
Nxd3 16. Bxf8 Kxf8 17. cxd3 Ne7 18. d4 Nf5 19. Nh4 h5 20. Qf4 g5 21. Qxg5 Nxd4
22. Ndf3 Nxf3+ 23. Nxf3 d4 24. Rac1 Qd7 25. Rxc8+ Qxc8 26. Nxd4 Rg8 27. Qh6+
Ke8 28. f3 Qc5 29. Qe3 h4 30. h3 Rg3 31. Kh1 Bd5 32. Rc1 Qe7 33. Rc8+ Kd7 34.
Qc3 1-0

[Event "VI Open A"]
[Site "Viterbo ITA"]
[Date "2009.06.01"]
[Round "5"]
[White "Rampini, Carlo"]
[Black "Giuliani, Sante"]
[Result "0-1"]
[WhiteElo "1788"]
[BlackElo "1957"]
[PlyCount "64"]
[EventDate "2009.05.30"]

1. e4 d5 2. exd5 Qxd5 3. Nc3 Qa5 4. d4 Nf6 5. Bc4 c6 6. Bd2 Bf5 7. Nf3 e6 8.
O-O Nbd7 9. Re1 Qc7 10. h3 O-O-O 11. Bd3 Bg6 12. a3 Bd6 13. Qe2 Bh5 14. b4 e5
15. b5 c5 16. b6 Nxb6 17. Nb5 Qb8 18. Bf5+ Nfd7 19. Nxd6+ Qxd6 20. dxc5 Qxc5
21. Be3 Qc7 22. c4 Rhe8 23. c5 Nd5 24. c6 bxc6 25. Rec1 Kb8 26. Qb2+ Ka8 27.
Be4 N7f6 28. Bxd5 Nxd5 29. Bd2 Bxf3 30. gxf3 Qd6 31. Rc4 Nb6 32. Bb4 Nxc4 0-1

[Event "VI Open A"]
[Site "Viterbo ITA"]
[Date "2009.06.01"]
[Round "5"]
[White "Tognotti, Andrea"]
[Black "Faini, Ivano"]
[Result "1-0"]
[WhiteElo "1613"]
[BlackElo "1706"]
[PlyCount "78"]
[EventDate "2009.05.30"]

1. c4 Nf6 2. Nc3 c6 3. Nf3 g6 4. g3 Bg7 5. Bg2 d6 6. O-O O-O 7. d3 e5 8. Rb1
Bg4 9. Bg5 Qd7 10. Re1 Bh3 11. Bh1 Bg4 12. b4 Bxf3 13. Bxf3 Re8 14. a4 h6 15.
Bd2 Qh3 16. Bg2 Qh5 17. h3 Qf5 18. b5 Re7 19. Ne4 Ne8 20. c5 Rd7 21. Nxd6 Nxd6
22. cxd6 Rxd6 23. bxc6 bxc6 24. Rb7 Qc8 25. Qb3 Nd7 26. Rc1 Kh7 27. Ba5 Rb8 28.
Rxb8 Nxb8 29. Qxf7 Rd4 30. Bc3 Rd7 31. Qe6 Qa6 32. Bxe5 Qxa4 33. Bxb8 Rd8 34.
Bf4 c5 35. Be4 Qa3 36. Qxg6+ Kg8 37. Bxh6 Qb2 38. Rxc5 Rf8 39. Qh7+ Kf7 1-0

[Event "VI Open A"]
[Site "Viterbo ITA"]
[Date "2009.06.01"]
[Round "5"]
[White "Tomini, Marco"]
[Black "Gerardi, Saverio"]
[Result "1-0"]
[WhiteElo "2024"]
[BlackElo "2187"]
[PlyCount "79"]
[EventDate "2009.05.30"]

1. d4 d5 2. c4 e6 3. Nc3 Nf6 4. cxd5 exd5 5. Bg5 Be7 6. e3 Nbd7 7. Bd3 c5 8.
Nge2 h6 9. Bf4 a6 10. Rc1 b5 11. dxc5 Nxc5 12. Bb1 b4 13. Na4 Ne6 14. Be5 Bd7
15. O-O Qa5 16. b3 O-O 17. Nd4 Rac8 18. Qd3 Nxd4 19. Bxf6 Bf5 20. Qxd4 Bxf6 21.
Qb6 Qxb6 22. Nxb6 Rxc1 23. Rxc1 Be6 24. Bd3 Rd8 25. Rc6 a5 26. Rc5 d4 27. e4
Rb8 28. Rxa5 Rxb6 29. Ra8+ Kh7 30. e5+ g6 31. exf6 Rc6 32. Kf1 Bd5 33. Rd8 Rc1+
34. Ke2 Bxg2 35. Rxd4 Ra1 36. Ke3 Bh3 37. Bc4 Be6 38. Bxe6 fxe6 39. Rd8 Re1+
40. Kd2 1-0

[Event "VI Open A"]
[Site "Viterbo ITA"]
[Date "2009.06.01"]
[Round "5"]
[White "Tortolini, Francesco"]
[Black "Arabito, Giuseppe"]
[Result "1-0"]
[WhiteElo "1855"]
[BlackElo "1901"]
[PlyCount "101"]
[EventDate "2009.05.30"]

1. e4 e5 2. Nf3 Nc6 3. Bc4 Nf6 4. Ng5 d5 5. exd5 Na5 6. Bb5+ Bd7 7. Bxd7+ Qxd7
8. Nc3 Nxd5 9. Nxd5 Qxd5 10. Qf3 Qxf3 11. gxf3 h6 12. Ne4 O-O-O 13. d3 f5 14.
Ng3 g6 15. Bd2 Nc6 16. Ne2 g5 17. O-O-O Bc5 18. Be3 Bb6 19. h4 g4 20. fxg4
Bxe3+ 21. fxe3 fxg4 22. Rdf1 Rdf8 23. Rxf8+ Rxf8 24. Rg1 Rg8 25. Ng3 Kd7 26.
Rf1 Ke6 27. Kd2 Nb4 28. a3 Nd5 29. c4 Ne7 30. d4 c6 31. dxe5 Rd8+ 32. Kc2 Kxe5
33. Rf4 Rg8 34. h5 c5 35. Rf7 Ke6 36. Rf4 Rg7 37. Kd3 Ke5 38. Ke2 b6 39. Rf8
Ke6 40. Rf4 Ke5 41. Rf8 Ke6 42. e4 Rg8 43. Rf4 Rg7 44. Ke3 Ke5 45. Rf8 Ng8 46.
Nf5 Rg5 47. Re8+ Kf6 48. Kf4 Kf7 49. Re5 g3 50. Nxh6+ Nxh6 51. Rxg5 1-0

[Event "VI Open A"]
[Site "Viterbo ITA"]
[Date "2009.06.01"]
[Round "5"]
[White "Trifoglio, Giovanni"]
[Black "Pescatore, Lorenzo"]
[Result "1/2-1/2"]
[WhiteElo "1953"]
[BlackElo "1832"]
[PlyCount "47"]
[EventDate "2009.05.30"]

1. e4 Nc6 2. d4 e5 3. Nf3 exd4 4. Bc4 Nf6 5. O-O Bc5 6. e5 d5 7. exf6 dxc4 8.
Re1+ Be6 9. Ng5 Qd5 10. Nc3 Qf5 11. Nce4 Bb6 12. g4 Qg6 13. Nxe6 fxe6 14. fxg7
Rg8 15. Bg5 Rxg7 16. Qf3 Kd7 17. Nf6+ Kd6 18. Rxe6+ Kxe6 19. Qd5+ Ke7 20. Nxh7+
Ke8 21. Re1+ Ne7 22. Nf6+ Kf8 23. Nd7+ Ke8 24. Nf6+ 1/2-1/2

[Event "VI Open A"]
[Site "Viterbo ITA"]
[Date "2009.06.02"]
[Round "6"]
[White "Arabito, Giuseppe"]
[Black "Russi, Roberto"]
[Result "1-0"]
[WhiteElo "1901"]
[BlackElo "1946"]
[PlyCount "57"]
[EventDate "2009.05.30"]

1. e4 c5 2. Nf3 e6 3. d4 cxd4 4. c3 dxc3 5. Nxc3 Nc6 6. Bc4 Nf6 7. O-O Be7 8.
Qe2 d6 9. Rd1 Qa5 10. Nb5 O-O 11. Bd2 Qb6 12. Be3 Qa5 13. Bd2 Qb6 14. Bc3 Rd8
15. e5 Ne8 16. exd6 Nxd6 17. Nxd6 Rxd6 18. Rxd6 Bxd6 19. Ng5 Nd8 20. Nxh7 Kxh7
21. Qh5+ Kg8 22. Bd3 Qc5 23. Qh7+ Kf8 24. Qxg7+ Ke8 25. Qh8+ Bf8 26. a3 Nc6 27.
Rc1 Qd6 28. Bb5 Bd7 29. Bxc6 1-0

[Event "VI Open A"]
[Site "Viterbo ITA"]
[Date "2009.06.02"]
[Round "6"]
[White "Biondi, Massimo"]
[Black "De Caro, Nicola"]
[Result "1-0"]
[WhiteElo "1853"]
[BlackElo "1656"]
[PlyCount "69"]
[EventDate "2009.05.30"]

1. e4 g6 2. d4 Bg7 3. Nf3 d6 4. Bd3 a6 5. Be3 Nd7 6. Qd2 e6 7. Bg5 Ne7 8. Bh6
O-O 9. Bxg7 Kxg7 10. O-O b6 11. c4 Bb7 12. Nc3 h6 13. Rfe1 c5 14. dxc5 dxc5 15.
Qe3 Qc7 16. Rad1 Rad8 17. h3 Ba8 18. Nd2 Ne5 19. Be2 N7c6 20. f4 Nd7 21. Nf3
Ne7 22. Rd3 f5 23. exf5 Nxf5 24. Qd2 Nf6 25. Ne5 Rxd3 26. Bxd3 Rd8 27. g4 Nh4
28. Qe3 Rxd3 29. Qxd3 Qb7 30. Qg3 Ng2 31. Rd1 Ne3 32. Rd3 Qh1+ 33. Kf2 Nf1 34.
Qg1 Ne4+ 35. Kxf1 1-0

[Event "VI Open A"]
[Site "Viterbo ITA"]
[Date "2009.06.02"]
[Round "6"]
[White "Bondielli, Giorgio"]
[Black "Buratti, Marco"]
[Result "1/2-1/2"]
[WhiteElo "1918"]
[BlackElo "2037"]
[PlyCount "72"]
[EventDate "2009.05.30"]

1. e4 e5 2. Nf3 Nc6 3. d4 exd4 4. Bc4 Nf6 5. O-O Bc5 6. c3 d3 7. Bg5 h6 8. Bh4
g5 9. Bg3 Nxe4 10. Qxd3 Nxg3 11. hxg3 Qf6 12. Re1+ Kf8 13. Nbd2 d6 14. Ne4 Qf5
15. Nxc5 Qxc5 16. Bd5 Ne7 17. Rxe7 Kxe7 18. b4 Qb6 19. Re1+ Kf8 20. Qe4 Kg7 21.
Qe7 Rf8 22. Nxg5 Qb5 23. c4 Qe8 24. Qxe8 Rxe8 25. Rxe8 hxg5 26. b5 a6 27. bxa6
Rxa6 28. Rxc8 c6 29. Bf3 Rxa2 30. Rd8 Rc2 31. Rxd6 Rxc4 32. Kf1 Rb4 33. Rd7 Kg6
34. Rd6+ Kf5 35. Bxc6 bxc6 36. Rxc6 Rb2 1/2-1/2

[Event "VI Open A"]
[Site "Viterbo ITA"]
[Date "2009.06.02"]
[Round "6"]
[White "Calabrese, Maurizio"]
[Black "Tognotti, Andrea"]
[Result "0-1"]
[WhiteElo "1529"]
[BlackElo "1613"]
[PlyCount "118"]
[EventDate "2009.05.30"]

1. e4 c5 2. Nc3 e6 3. g3 a6 4. Nge2 Qc7 5. f4 d6 6. d4 cxd4 7. Nxd4 Nf6 8. Bg2
Nc6 9. O-O Nxd4 10. Qxd4 d5 11. Kh1 Bc5 12. Qd1 dxe4 13. Nxe4 Nxe4 14. Bxe4 O-O
15. f5 exf5 16. Bxf5 Bxf5 17. Rxf5 Qc6+ 18. Qf3 Qxf3+ 19. Rxf3 Bd4 20. c3 Bf6
21. h4 Rfe8 22. Be3 Rad8 23. Kg2 Re6 24. Raf1 Rde8 25. Bf4 Re2+ 26. R3f2 Bd8
27. h5 Bb6 28. Rxe2 Rxe2+ 29. Kf3 Rxb2 30. Re1 f6 31. Bd6 h6 32. Re8+ Kh7 33.
Re7 Ba5 34. Rd7 Rd2 35. Bb4 Rxd7 36. Bxa5 Rd5 37. Bb4 Rxh5 38. a4 Rd5 39. Ke4
Re5+ 40. Kd4 Rg5 41. Bd6 Ra5 42. c4 Rxa4 43. Kc5 Ra2 44. Bc7 a5 45. Kb5 a4 46.
Ba5 Rg2 47. Kxa4 Rxg3 48. Kb4 h5 49. Kc5 h4 50. Bc7 Rc3 51. Kb4 Rc1 52. c5 g5
53. Kb5 g4 54. Kb6 g3 55. Bd6 g2 56. Bh2 g1=Q 57. Bxg1 Rxg1 58. Kxb7 Rc1 59.
Kc6 h3 0-1

[Event "VI Open A"]
[Site "Viterbo ITA"]
[Date "2009.06.02"]
[Round "6"]
[White "Calavalle, Giulio"]
[Black "Tomini, Marco"]
[Result "1-0"]
[WhiteElo "2235"]
[BlackElo "2024"]
[PlyCount "109"]
[EventDate "2009.05.30"]

1. e4 c5 2. Nc3 d6 3. Bc4 a6 4. d3 e6 5. a4 Nf6 6. Bg5 Be7 7. Nge2 Nc6 8. O-O
O-O 9. Ng3 Nb4 10. Bb3 Bd7 11. f4 Bc6 12. Nce2 d5 13. c3 Nxd3 14. Bxf6 Bxf6 15.
e5 Be7 16. Qxd3 c4 17. Qf3 cxb3 18. Nd4 g6 19. Nge2 Bc5 20. g4 Qh4 21. g5 h6
22. Qe3 Kg7 23. gxh6+ Qxh6 24. Nxe6+ fxe6 25. Qxc5 Rae8 26. Qf2 Rf5 27. Nd4 Rh5
28. Qg2 Bd7 29. Rf2 Rf8 30. Raf1 Kh7 31. Rf3 Rh4 32. Qg5 Rf7 33. Qxh6+ Kxh6 34.
Kg2 Rh7 35. Rh3 Rxh3 36. Kxh3 Kg7+ 37. Kg3 Kf7 38. a5 Bb5 39. Nxb5 axb5 40. Ra1
Rh8 41. a6 bxa6 42. Rxa6 Rc8 43. Ra7+ Kf8 44. Ra3 b4 45. cxb4 Rb8 46. Rxb3 Rb5
47. Kg4 Kg7 48. Kg5 d4 49. h3 Kf7 50. Kh6 d3 51. Rxd3 Rxb4 52. Kg5 Rxb2 53.
Rd7+ Ke8 54. Rg7 Rg2+ 55. Kf6 1-0

[Event "VI Open A"]
[Site "Viterbo ITA"]
[Date "2009.06.02"]
[Round "6"]
[White "Caleffi, Cesare"]
[Black "Bogosaljevic, Miodrag"]
[Result "1-0"]
[WhiteElo "2003"]
[BlackElo "2030"]
[PlyCount "71"]
[EventDate "2009.05.30"]

1. d4 d5 2. Nf3 c6 3. c3 Nf6 4. Bg5 Bg4 5. Nbd2 Nbd7 6. e3 Ne4 7. Bf4 Ndf6 8.
Qb3 Qb6 9. Nxe4 Nxe4 10. Qxb6 axb6 11. Ne5 Bh5 12. f3 Nd6 13. g4 Bg6 14. Bg3 b5
15. Nxg6 hxg6 16. b3 e6 17. Bd3 Be7 18. Ke2 Kd7 19. e4 Nc8 20. e5 Ba3 21. Rab1
Be7 22. Rb2 Ba3 23. Rc2 Nb6 24. f4 Be7 25. f5 gxf5 26. gxf5 Bg5 27. h4 Raf8 28.
Kf3 Ke7 29. Kg4 Bh6 30. Rf1 Nd7 31. h5 f6 32. Bh4 Kf7 33. fxe6+ Kxe6 34. Bf5+
Ke7 35. Re2 Kd8 36. e6 1-0

[Event "VI Open A"]
[Site "Viterbo ITA"]
[Date "2009.06.02"]
[Round "6"]
[White "Cannada Bartoli, Vincenzo"]
[Black "Porcacchia, Giovanni"]
[Result "1-0"]
[WhiteElo "2006"]
[BlackElo "1599"]
[PlyCount "79"]
[EventDate "2009.05.30"]

1. c4 Nf6 2. Nc3 g6 3. g3 Bg7 4. Bg2 O-O 5. d3 d6 6. Nf3 Nbd7 7. O-O e5 8. Bg5
h6 9. Bd2 Rb8 10. Qc1 Kh7 11. b4 Ne8 12. a4 b6 13. a5 f5 14. axb6 axb6 15. Ra7
Bb7 16. Qc2 Qf6 17. Ne1 Bxg2 18. Nxg2 Qd8 19. Nb5 c6 20. Nc3 Ndf6 21. Qa4 c5
22. Rb1 g5 23. Ne3 Kg6 24. Ned5 Rf7 25. Rxf7 Kxf7 26. Qa7+ Kf8 27. bxc5 dxc5
28. Nxb6 e4 29. Nbd5 Rxb1+ 30. Nxb1 Nxd5 31. Qxc5+ Ne7 32. Bb4 exd3 33. Qxf5+
Kg8 34. Qe6+ Kf8 35. exd3 Bf6 36. Qe4 Qb6 37. Bxe7+ Bxe7 38. Nc3 Bc5 39. Nd5
Bd4 40. Qe7+ 1-0

[Event "VI Open A"]
[Site "Viterbo ITA"]
[Date "2009.06.02"]
[Round "6"]
[White "De Blasio, Alessandro"]
[Black "Tortolini, Francesco"]
[Result "1/2-1/2"]
[WhiteElo "2057"]
[BlackElo "1855"]
[PlyCount "74"]
[EventDate "2009.05.30"]

1. e4 d5 2. exd5 Qxd5 3. Nc3 Qa5 4. d4 Nf6 5. Nf3 Bg4 6. h3 Bh5 7. Be2 Nc6 8.
O-O O-O-O 9. Qd3 Bxf3 10. Bxf3 Nxd4 11. Qc4 Nxf3+ 12. gxf3 e6 13. Bf4 Bd6 14.
Rad1 Bxf4 15. Qxf4 Rxd1 16. Rxd1 Rd8 17. Rxd8+ Kxd8 18. Ne4 Ke7 19. Nxf6 gxf6
20. Qe4 Qg5+ 21. Kf1 Qb5+ 22. Kg2 h6 23. b3 b6 24. c4 Qg5+ 25. Kf1 a5 26. h4
Qe5 27. Qc6 Qd6 28. Qb7 Qf4 29. Qc6 Qd6 30. Qb7 Kd7 31. Qa8 Qd3+ 32. Kg2 Qg6+
33. Kh3 Qf5+ 34. Kg2 Qg6+ 35. Kh3 Qd3 36. Kg2 Ke7 37. Qc6 Qd6 1/2-1/2

[Event "VI Open A"]
[Site "Viterbo ITA"]
[Date "2009.06.02"]
[Round "6"]
[White "Gerardi, Saverio"]
[Black "Lisi, Sebastiano"]
[Result "1/2-1/2"]
[WhiteElo "2187"]
[BlackElo "1964"]
[PlyCount "67"]
[EventDate "2009.05.30"]

1. e4 e5 2. Nc3 Nc6 3. Bc4 Bc5 4. Nf3 Nf6 5. d3 d6 6. h3 h6 7. a3 O-O 8. O-O
Bb6 9. Na4 Be6 10. Nxb6 axb6 11. Qe2 Qe7 12. Nh4 Nd4 13. Qd1 Nxe4 14. Bxe6 Qxh4
15. Bd5 Nf6 16. Bxb7 Ra7 17. Bf3 Re8 18. Re1 e4 19. dxe4 Nxf3+ 20. Qxf3 Rxe4
21. Bd2 d5 22. Bc3 Rf4 23. Bxf6 Qxf6 24. Qxd5 Qxb2 25. Qd8+ Kh7 26. Qd3+ g6 27.
g3 Rf5 28. a4 Qf6 29. Qe3 Raa5 30. f4 Rac5 31. Qe4 Rc3 32. Kf2 Rfc5 33. Ra2
R5c4 34. Qe7 1/2-1/2

[Event "VI Open A"]
[Site "Viterbo ITA"]
[Date "2009.06.02"]
[Round "6"]
[White "Giuliani, Sante"]
[Black "Pompili, Ugo"]
[Result "1-0"]
[WhiteElo "1957"]
[BlackElo "1843"]
[PlyCount "141"]
[EventDate "2009.05.30"]

1. Nf3 d6 2. g3 e5 3. d3 Be7 4. Bg2 Nc6 5. e4 f5 6. Nc3 Nf6 7. Bg5 O-O 8. Qd2
fxe4 9. dxe4 Bg4 10. h3 Bh5 11. g4 Bf7 12. Nh4 g6 13. O-O-O Nd4 14. Bh6 Nd7 15.
Nf3 Nxf3 16. Bxf3 Nb6 17. Be2 Be6 18. Be3 Nc4 19. Bxc4 Bxc4 20. g5 c6 21. h4
Be6 22. Rdg1 b5 23. h5 Bf7 24. Ne2 a5 25. Ng3 d5 26. hxg6 Bxg6 27. exd5 cxd5
28. Qe2 Qc7 29. Nh5 Rac8 30. c3 b4 31. Nf6+ Bxf6 32. gxf6 bxc3 33. Rxg6+ hxg6
34. Qd3 Rxf6 35. Qxd5+ Qf7 36. Qxe5 cxb2+ 37. Kb1 Qe6 38. Qh2 Qe4+ 39. Kxb2
Qc2+ 40. Ka1 Qc3+ 41. Kb1 Rf7 42. Qd6 Rb7+ 43. Bb6 Qb4+ 44. Qxb4 axb4 45. Bd4
Rh7 46. Rxh7 Kxh7 47. Kb2 g5 48. Kb3 g4 49. Kxb4 Kg6 50. a4 Kf5 51. a5 Ke4 52.
Bb6 Kd5 53. Kb5 Kd6 54. a6 Ra8 55. a7 Kd7 56. Be3 Kc7 57. Bf4+ Kb7 58. Bb8 Rxb8
59. axb8=Q+ Kxb8 60. Kc6 Kc8 61. Kd6 Kd8 62. Ke6 Ke8 63. Kf5 Kf7 64. Kxg4 Kf6
65. Kf4 Kf7 66. Kf5 Ke7 67. Kg6 Kf8 68. Kf6 Ke8 69. f4 Kf8 70. f5 Kg8 71. Ke7
1-0

[Event "VI Open A"]
[Site "Viterbo ITA"]
[Date "2009.06.02"]
[Round "6"]
[White "Isonzo, David"]
[Black "Maggi, Fabrizio"]
[Result "1-0"]
[WhiteElo "2367"]
[BlackElo "2053"]
[PlyCount "72"]
[EventDate "2009.05.30"]

1. e4 e5 2. Nf3 Nc6 3. Bb5 Nf6 4. O-O Nxe4 5. Re1 Nd6 6. Nxe5 Be7 7. Bd3 Nxe5
8. Rxe5 O-O 9. Nc3 c6 10. b3 Ne8 11. Bb2 Nf6 12. Qe2 Bd6 13. Rf5 g6 14. Ne4
Nxe4 15. Qxe4 Qe7 16. Qd4 f6 17. Rxf6 Rxf6 18. Qxf6 Qxf6 19. Bxf6 Bf4 20. Re1
Bxd2 21. Re7 Bh6 22. Bc4+ d5 23. Bd3 c5 24. h4 Bf8 25. Rc7 b6 26. c4 Be6 27. h5
Bf7 28. hxg6 hxg6 29. cxd5 a5 30. a4 Re8 31. Kf1 c4 32. Bxc4 Bb4 33. g3 Re1+
34. Kg2 Rc1 35. Rc8+ Bf8 36. Be7 Bxd5+ 1-0

[Event "VI Open A"]
[Site "Viterbo ITA"]
[Date "2009.06.02"]
[Round "6"]
[White "Maggi, Luigi"]
[Black "Blonna, Michele"]
[Result "1/2-1/2"]
[WhiteElo "1876"]
[BlackElo "2012"]
[PlyCount "74"]
[EventDate "2009.05.30"]

1. c4 Nf6 2. Nc3 g6 3. e4 d6 4. d4 Bg7 5. Nge2 O-O 6. Ng3 e5 7. d5 c6 8. Be2
cxd5 9. cxd5 a6 10. a4 b6 11. h4 h5 12. Bg5 Qc7 13. Rc1 Qb7 14. b4 Nbd7 15. Qd2
Re8 16. Bh6 Nf8 17. O-O N8h7 18. Bxg7 Kxg7 19. f4 Bg4 20. Nd1 Rac8 21. Nf2 Rxc1
22. Rxc1 Bxe2 23. Nxe2 Qd7 24. Rc6 b5 25. a5 Ng4 26. Nxg4 Qxg4 27. Rxd6 Nf6 28.
Rxa6 Nxe4 29. Qe1 exf4 30. Nd4 Ng3 31. Qa1 Kh7 32. Nf3 Nf5 33. Qf6 Nh6 34. Ra7
Kg8 35. Re7 Rc8 36. Re1 Qg3 37. d6 Qg4 1/2-1/2

[Event "VI Open A"]
[Site "Viterbo ITA"]
[Date "2009.06.02"]
[Round "6"]
[White "Mecali, Antonello"]
[Black "Campomori, Bruno"]
[Result "1/2-1/2"]
[WhiteElo "1815"]
[BlackElo "1978"]
[PlyCount "81"]
[EventDate "2009.05.30"]

1. c4 f5 2. Nf3 Nf6 3. Nc3 e6 4. g3 Be7 5. Bg2 d6 6. O-O O-O 7. d3 c6 8. Qc2
Nbd7 9. Bd2 Qe8 10. b4 Qh5 11. h3 h6 12. Nh2 g5 13. e3 Rf7 14. Qd1 g4 15. h4
Ne5 16. Qe2 Ng6 17. f3 Bd7 18. Rf2 e5 19. fxg4 fxg4 20. Raf1 Raf8 21. Ne4 Ne8
22. Rxf7 Rxf7 23. Rxf7 Kxf7 24. Bh3 d5 25. Nf2 Nf6 26. Nfxg4 Nf8 27. Kg2 e4 28.
dxe4 Nxe4 29. Qf3+ Ke8 30. Bc1 Ne6 31. cxd5 cxd5 32. a3 Kd8 33. Nf2 Qe5 34.
Nxe4 dxe4 35. Qf5 Qa1 36. Qf1 Qa2+ 37. Kg1 Bd6 38. Bxe6 Bxe6 39. Qf2 Qa1 40.
Qd2 Ke7 41. Kg2 {...} 1/2-1/2

[Event "VI Open A"]
[Site "Viterbo ITA"]
[Date "2009.06.02"]
[Round "6"]
[White "Passerotti, Pierluigi"]
[Black "Collutiis, Duilio"]
[Result "0-1"]
[WhiteElo "2301"]
[BlackElo "2451"]
[PlyCount "94"]
[EventDate "2009.05.30"]

1. Nf3 Nf6 2. c4 c5 3. g3 b6 4. Bg2 Bb7 5. O-O e6 6. Nc3 Be7 7. d4 cxd4 8. Qxd4
d6 9. Rd1 a6 10. b3 Nbd7 11. Bb2 O-O 12. Ng5 Bxg2 13. Kxg2 Qb8 14. Nge4 Rd8 15.
Nxf6+ Nxf6 16. a4 Ra7 17. f3 Rad7 18. Rd3 d5 19. cxd5 Bc5 20. Qf4 Qxf4 21. gxf4
Nxd5 22. Nxd5 Rxd5 23. Rxd5 Rxd5 24. Bc3 Be3 25. Kg3 Rf5 26. Rd1 Bxf4+ 27. Kf2
Rd5 28. Rxd5 exd5 29. h3 f6 30. Bd4 b5 31. axb5 axb5 32. e4 dxe4 33. fxe4 Kf7
34. Kf3 Be5 35. Bc5 Ke6 36. Bf8 g6 37. Bb4 h5 38. Ke3 g5 39. Kf3 f5 40. exf5+
Kxf5 41. Be1 Bf4 42. Bf2 g4+ 43. hxg4+ hxg4+ 44. Ke2 Ke4 45. Bg1 Be5 46. Bb6 g3
47. Bd8 Bd4 0-1

[Event "VI Open A"]
[Site "Viterbo ITA"]
[Date "2009.06.02"]
[Round "6"]
[White "Pescatore, Lorenzo"]
[Black "Calandri, Fausto"]
[Result "0-1"]
[WhiteElo "1832"]
[BlackElo "2149"]
[PlyCount "148"]
[EventDate "2009.05.30"]

1. e4 e6 2. d4 d5 3. Nc3 Bb4 4. e5 Ne7 5. Bd2 c5 6. Nb5 Bxd2+ 7. Qxd2 O-O 8.
Nd6 cxd4 9. f4 Nbc6 10. Nf3 f6 11. O-O-O fxe5 12. fxe5 Ng6 13. Nxc8 Rxc8 14.
Nxd4 Nxd4 15. Qxd4 Qg5+ 16. Kb1 Nxe5 17. Bd3 Nxd3 18. cxd3 b6 19. g3 h6 20.
Rhg1 Kh7 21. h4 Qf6 22. Qa4 Rc7 23. a3 Qe5 24. Rde1 Qf5 25. Rd1 Qg6 26. Qb4 Rf3
27. Qd6 Rxd3 28. Rxd3 Qxd3+ 29. Ka1 Qd4 30. Re1 Rc2 31. Rb1 Re2 32. Qd7 a5 33.
Qe8 Qe4 34. h5 a4 35. Qb5 Re1 36. Rxe1 Qxe1+ 37. Ka2 Qe4 38. Qe8 Qf5 39. Qxa4
Qxh5 40. Qc2+ Qf5 41. Qxf5+ exf5 42. b4 f4 43. gxf4 h5 44. a4 h4 45. a5 bxa5
46. bxa5 h3 47. a6 h2 48. a7 h1=Q 49. a8=Q Qg2+ 50. Kb3 Qf3+ 51. Kc2 Qe4+ 52.
Kd1 Kg6 53. Qc6+ Kh5 54. Qd7 Qd3+ 55. Ke1 Qg3+ 56. Kd2 Qxf4+ 57. Kd3 Qf3+ 58.
Kd2 g5 59. Qe8+ Kg4 60. Qd7+ Kg3 61. Kc2 Kg2 62. Qd8 g4 63. Qg5 d4 64. Qe5 Qc3+
65. Kb1 Qd3+ 66. Kb2 g3 67. Qd5+ Qf3 68. Qb5 Qf2+ 69. Ka1 Qf1+ 70. Ka2 Qxb5 71.
Ka3 d3 72. Ka2 d2 73. Ka1 d1=Q+ 74. Ka2 Qda4# 0-1

[Event "VI Open A"]
[Site "Viterbo ITA"]
[Date "2009.06.02"]
[Round "6"]
[White "Pitrelli, Antonio"]
[Black "Trifoglio, Giovanni"]
[Result "0-1"]
[WhiteElo "1802"]
[BlackElo "1953"]
[PlyCount "115"]
[EventDate "2009.05.30"]

1. d4 Nf6 2. c4 g6 3. Nf3 Bg7 4. g3 O-O 5. Bg2 d6 6. Nc3 c6 7. O-O Re8 8. e4 e5
9. dxe5 dxe5 10. Qxd8 Rxd8 11. Nxe5 Be6 12. Re1 Nfd7 13. Nxd7 Bxc3 14. bxc3
Nxd7 15. Be3 Bxc4 16. Rab1 b6 17. a3 Be6 18. Rbd1 Ne5 19. Bd4 Bg4 20. Ra1 Nf3+
21. Bxf3 Bxf3 22. Re3 Bg4 23. f3 Be6 24. Kf2 c5 25. Bf6 Rd2+ 26. Re2 Rd3 27.
Re3 Rd7 28. Ke1 Rb8 29. Rd1 Rbb7 30. Red3 Kf8 31. R1d2 Ke8 32. Kf2 Bc4 33. Rxd7
Rxd7 34. Rxd7 Kxd7 35. Bg5 Kc6 36. Ke1 Kb5 37. Kd1 Ka4 38. Bc1 Kb3 39. Kd2 b5
40. f4 a5 41. g4 b4 42. cxb4 cxb4 43. axb4 Kxb4 44. Kc2 Be2 45. g5 Bf3 46. e5
Be4+ 47. Kb2 a4 48. Bd2+ Kc4 49. h4 Kd3 50. Bc1 Ke2 51. Ka3 Bc2 52. Kb2 Bb3 53.
Kc3 Kf3 54. h5 gxh5 55. f5 Ke4 56. e6 fxe6 57. g6 hxg6 58. fxg6 0-1

[Event "VI Open A"]
[Site "Viterbo ITA"]
[Date "2009.06.02"]
[Round "6"]
[White "Rampini, Carlo"]
[Black "Perogio, Lorenzo"]
[Result "0-1"]
[WhiteElo "1788"]
[BlackElo "1876"]
[PlyCount "58"]
[EventDate "2009.05.30"]

1. e4 e5 2. Nf3 Nc6 3. d4 exd4 4. Nxd4 Nf6 5. Nxc6 bxc6 6. e5 Qe7 7. Qe2 Nd5 8.
c4 Ba6 9. g3 g6 10. Qe4 Nb6 11. Bd3 Bg7 12. O-O O-O-O 13. Be3 Qxe5 14. Qf3 f5
15. Nd2 Bb7 16. c5 Na4 17. Nc4 Qd5 18. Qe2 Bd4 19. Bxd4 Qxd4 20. b4 Nc3 21. Qc2
Ne4 22. Rfd1 Qf6 23. Na5 d5 24. a4 Ba8 25. b5 Kd7 26. Bxe4 fxe4 27. Qxe4 Rde8
28. bxc6+ Bxc6 29. Nxc6 Rxe4 0-1

[Event "VI Open A"]
[Site "Viterbo ITA"]
[Date "2009.06.02"]
[Round "6"]
[White "Stoja, Rocco"]
[Black "Proietti, Tosca"]
[Result "1/2-1/2"]
[WhiteElo "1864"]
[BlackElo "1878"]
[PlyCount "39"]
[EventDate "2009.05.30"]

1. d4 Nf6 2. c4 g6 3. Nc3 Bg7 4. e4 d6 5. Nf3 O-O 6. Be2 Nbd7 7. Bg5 h6 8. Bh4
Nh5 9. Qd2 Nhf6 10. O-O c5 11. Rad1 cxd4 12. Nxd4 Nc5 13. f3 g5 14. Bf2 Nh5 15.
b4 Na6 16. Rb1 Nf4 17. Bd1 Qc7 18. Nd5 Nxd5 19. cxd5 Bd7 20. h4 1/2-1/2

[Event "VI Open A"]
[Site "Viterbo ITA"]
[Date "2009.06.02"]
[Round "6"]
[White "Tirri, Valerio"]
[Black "Almadori, Giovanni"]
[Result "1-0"]
[WhiteElo "1682"]
[BlackElo "1401"]
[PlyCount "31"]
[EventDate "2009.05.30"]

1. e4 e6 2. d4 d5 3. e5 c5 4. c3 Qb6 5. Bd3 Nc6 6. Ne2 cxd4 7. cxd4 Bd7 8. Bc2
Nb4 9. Nd2 Nxc2+ 10. Qxc2 Rc8 11. Qd1 Nh6 12. O-O Nf5 13. Nb3 a5 14. g4 Nh4 15.
f4 Ng6 16. Nd2 {...} 1-0

[Event "VI Open A"]
[Site "Viterbo ITA"]
[Date "2009.06.02"]
[Round "6"]
[White "Vargiu, Antonio"]
[Black "Antoniacci, Riccardo"]
[Result "0-1"]
[WhiteElo "1841"]
[BlackElo "1921"]
[PlyCount "104"]
[EventDate "2009.05.30"]

1. e4 c5 2. c3 Nf6 3. e5 Nd5 4. d4 cxd4 5. Nf3 Nc6 6. cxd4 a6 7. Bc4 e6 8. O-O
Be7 9. Bxd5 exd5 10. Nc3 Qa5 11. Qb3 d6 12. Nxd5 dxe5 13. Nxe7 Nxe7 14. dxe5
O-O 15. Bd2 Qd8 16. Bb4 Be6 17. Qa3 Re8 18. Bd6 Nf5 19. Rfd1 g5 20. Rac1 Rc8
21. b3 g4 22. Nd4 Rxc1 23. Qxc1 Nxd6 24. exd6 Qxd6 25. Nf5 Qe5 26. Ne3 h5 27.
Qd2 f5 28. Nc4 Bxc4 29. Qg5+ Qg7 30. Qxg7+ Kxg7 31. bxc4 Kf6 32. Kf1 Re7 33.
Rd2 Rc7 34. Rc2 Ke5 35. Ke2 Ke4 36. Kd2 Kd4 37. Rb2 f4 38. Rb4 f3 39. gxf3 gxf3
40. Rb3 Rf7 41. Rc3 Rf5 42. Rb3 Ra5 43. a3 Kxc4 44. Rxf3 Rg5 45. Rg3 Rb5 46.
Rc3+ Kd4 47. Rd3+ Ke4 48. Re3+ Kf4 49. Kc2 Rg5 50. Kd2 Rg2 51. h3 Rxf2+ 52. Kd3
Rf3 0-1